000 00240nam a22001097a 4500
082 _a823
_bORI/D
100 _aORIENT LONGMAN
245 _aA DOG NAMED LUCKY
260 _bORIENT LONGMAN
_c1992
650 _aPASSAGE LEAFLET
_zINDIA
942 _cBK
999 _c4007
_d4007